| 000 | 00469nam a2200193Ia 4500 | ||
|---|---|---|---|
| 008 | 170918s9999 xx 000 0 und d | ||
| 020 | _a9780590558495 | ||
| 050 | _bH181 1994 | ||
| 100 | _aHall, Zoe | ||
| 245 | _aIt's pumpkin time! / | ||
| 245 | _cZoe Hall ; illustrated by Shari Halpern. | ||
| 260 | _aNew York : | ||
| 260 | _bScholastic, | ||
| 260 | _c1994 | ||
| 300 | _aunpaged : | ||
| 300 | _bcolored illustration ; | ||
| 300 | _c23cm. | ||
| 500 | _a530 | ||
| 999 |
_c341571 _d341571 |
||